Statistics for Pink Floyd Songs

Click here to take the quiz!

General Stats

  • This quiz has been taken 3,027 times
    (2,905 since last reset)
  • The average score is 50 of 163

Answer Stats

The Piper at the Gates of Dawn% Correct
Wish You Were Here
92%
Another Brick in the Wall, Pt. 2
90%
Money
90%
Another Brick in the Wall, Pt. 1
90%
Another Brick in the Wall, Pt. 3
90%
Time
85%
Shine On You Crazy Diamond, Pt. 1
84%
Shine On You Crazy Diamond, Pt. 2
84%
Comfortably Numb
81%
Pigs (Three Different Ones)
80%
Dogs
78%
Have a Cigar
72%
Sheep
72%
The Great Gig in the Sky
71%
Welcome to the Machine
70%
Breathe (In the Air)
69%
Eclipse
69%
Us and Them
68%
Brain Damage
67%
Echoes
66%
Mother
66%
Hey You
60%
Atom Heart Mother
58%
Pigs on the Wing, Pt. 1
56%
Pigs on the Wing, Pt. 2
56%
In the Flesh
54%
In the Flesh?
54%
On the Run
53%
Any Colour You Like
52%
The Trial
51%
Learning to Fly
48%
Goodbye Blue Sky
48%
Young Lust
48%
Run Like Hell
48%
Vera
47%
High Hopes
47%
The Thin Ice
47%
Speak to Me
47%
Bike
43%
One of These Days
42%
Astronomy Domine
42%
A Saucerful of Secrets
42%
Outside the Wall
41%
The Final Cut
40%
The Happiest Days of Our Lives
40%
Bring the Boys Back Home
38%
Waiting for the Worms
38%
Is There Anybody Out There
38%
Goodbye Cruel World
36%
Seamus
36%
San Tropez
35%
Obscured By Clouds
35%
Fearless
34%
If
34%
Interstellar Overdrive
33%
Nobody Home
33%
Alan's Psychedelic Breakfast
33%
Empty Spaces
33%
Set the Controls for the Heart of the Sun
33%
One of My Turns
32%
Stop
32%
Sum
31%
Fat Old Sun
31%
Marooned
30%
The Show Must Go On
30%
The Dogs of War
28%
Don't Leave Me Now
28%
Summer '68
27%
Lucifer Sam
26%
A Pillow Of Winds
26%
Not Now John
26%
Jugband Blues
24%
The Gnome
24%
Sorrow
24%
What Do You Want From Me
24%
Corporal Clegg
23%
Keep Talking
23%
On the Turning Away
23%
The Fletcher Memorial Home
23%
When the Tigers Broke Free
22%
The Scarecrow
22%
Matilda Mother
22%
Wot's...Uh the Deal
22%
The Gunners Dream
21%
Coming Back to Life
21%
The Nile Song
21%
Two Suns in the Sunset
20%
Several Species of Small Furry Animals Gathered Together in a Cave and Grooving with a Pict
20%
Let There Be More Light
19%
Sysyphus, Pt. 1
19%
Sysyphus, Pt. 4
19%
Sysyphus, Pt. 3
19%
Sysyphus, Pt. 2
19%
Childhood's End
18%
Free Four
18%
Poles Apart
18%
The Post War Dream
18%
Cluster One
18%
Pow R. Toc H.
17%
Louder Than Words
17%
Chapter 24
17%
The Narrow Way, Pt. 2
17%
Grantchester Meadows
17%
The Narrow Way, Pt. 1
17%
Green is the Colour
17%
Cymbaline
17%
The Narrow Way, Pt. 3
17%
See-Saw
17%
Take It Back
16%
Southampton Dock
16%
A Great Day For Freedom
16%
One Slip
16%
Flaming
16%
Lost for Words
15%
Wearing the Inside Out
15%
The Gold It's in the...
15%
Mudmen
15%
Remember a Day
15%
The Grand Vizier's Garden Party, Pt. 1
15%
The Grand Vizier's Garden Party, Pt. 2
15%
The Grand Vizier's Garden Party, Pt. 3
15%
Terminal Frost
14%
Yet Another Movie
14%
Take Up Thy Stethoscope And Walk
14%
Stay
14%
Signs of Life
13%
Get Your Filthy Hands Off My Desert
13%
A New Machine, Pt. 1
13%
A New Machine, Pt. 2
13%
Burning Bridges
12%
Cirrus Minor
12%
Paranoid Eyes
12%
Ibiza Bar
12%
Your Possible Pasts
12%
Absolutely Curtains
12%
When You're In
11%
One of the Few
11%
Main Theme
11%
The Hero's Return
11%
A Spanish Piece
10%
Crying Song
10%
Talkin' Hawkin'
9%
Up the Khyber
9%
Autumn '68
9%
Allons-y (2)
8%
Allons-y (1)
8%
Quicksilver
8%
Round and Around
8%
More Blues
8%
Things Left Unsaid
7%
Dramatic Theme
7%
Party Sequence
7%
Ebb and Flow
6%
It's What We Do
6%
Anisina
6%
On Noodle Street
6%
Skins
6%
Unsung
5%
The Lost Art of Conversation
5%
Surfacing
5%
Night Light
4%
Calling
4%
Eyes to Pearls
4%

Score Distribution

Percentile by Number Answered

Percent of People with Each Score

Your Score History

You have not taken this quiz since the last reset